00274cam a22000857a 4500008003600000082001800036245003000054260005800084500004600142180718b xxu||||| |||| 00| 0 eng d aLoox5452 T152 aThe Madras financial code aTamil NadubThe Director of Stationery and Printingc aContents : Library has v.1(1976) &2(1959)